000 00291nam a22001337a 4500
008 170817b xxu||||| |||| 00| 0 eng d
020 _a9780878916467
041 _aeng
080 _a51
100 _a36
101 _aMAT
245 _aMATHEMATICS CALCULUS AB
_cBROOK,D.E
942 _2udc
_cBK
999 _c24008
_d24008